[Event "V Copa Marcel Duchamp 2022"]
[Site "Montevideo"]
[Date "2022.02.18"]
[Round "8.36"]
[White "Zaruski, Julio"]
[Black "Martello, Benjamin"]
[Result "1-0"]
[WhiteElo "1764"]
[BlackElo "1594"]
[Annotator "NA"]
[PlyCount "93"]
[EventDate "2022.02.12"]
[EventCountry "URU"]
[SourceTitle "playchess.com"]
[Source "ChessBase"]
[SourceQuality "1"]
[TimeControl "5400+30"]

1. e4 {[%emt 0:00:04]} e6 {[%emt 0:00:03]} 2. Qe2 {[%emt 0:02:09]} e5 {[%emt 0:00:17]} 3. g3 {[%emt 0:00:40]} Nf6 {[%emt 0:00:54]} 4. Bg2 {[%emt 0:00:11]} Bc5 {[%emt 0:00:15]} 5. d3 {[%emt 0:00:30]} O-O {[%emt 0:00:30]} 6. Be3 {[%emt 0:01:42]} Bb6 {[%emt 0:00:00]} 7. Nf3 {[%emt 0:01:23]} Re8 {[%emt 0:00:12]} 8. O-O {[%emt 0:01:08]} c6 {[%emt 0:00:27]} 9. c4 Bc7 {[%emt 0:02:36]} 10. Nc3 {[%emt 0:08:33]} d6 {[%emt 0:01:49]} 11. h3 {[%emt 0:00:33]} h6 {[%emt 0:00:32]} 12. d4 {[%emt 0:02:19]} exd4 {[%emt 0:00:26]} 13. Nxd4 {[%emt 0:00:08]} Nbd7 {[%emt 0:01:42]} 14. Qc2 {[%emt 0:03:39]} Nc5 {[%emt 0:01:45]} 15. b4 {[%emt 0:01:05]} Ne6 {[%emt 0:00:09]} 16. Rad1 {[%emt 0:03:40]} Qe7 {[%emt 0:01:05]} 17. Nf5 {[%emt 0:02:11]} Qf8 {[%emt 0:00:12]} 18. f4 {[%emt 0:05:10]} Rd8 {[%emt 0:03:51]} 19. Qf2 {[%emt 0:04:54]} b6 {[%emt 0:02:24]} 20. g4 {[%emt 0:02:06]} a5 {[%emt 0:06:15]} 21. b5 {[%emt 0:00:42]} c5 {[%emt 0:00:21]} 22. e5 {[%emt 0:01:33]} d5 {[%emt 0:01:55]} 23. exf6 {[%emt 0:00:48]} d4 {[%emt 0:00:12]} 24. Bxa8 {[%emt 0:00:51]} dxe3 {[%emt 0:00:16]} 25. Qxe3 {[%emt 0:01:07]} Rxd1 {[%emt 0:00:42]} 26. Nxd1 {[%emt 0:00:27]} Bxf4 {[%emt 0:00:34]} 27. Rxf4 {[%emt 0:01:58]} Nxf4 {[%emt 0:00:10]} 28. Ne7+ {[%emt 0:00:09]} Kh7 {[%emt 0:00:23]} 29. Qxf4 {[%emt 0:01:30]} gxf6 {[%emt 0:00:23]} 30. Be4+ {[%emt 0:00:13]} f5 {[%emt 0:00:26]} 31. Nxf5 {[%emt 0:00:14]} Bxf5 {[%emt 0:00:17]} 32. Qxf5+ {[%emt 0:00:07]} Kg7 {[%emt 0:00:07]} 33. Nf2 {[%emt 0:09:09]} Qd6 {[%emt 0:00:17]} 34. Kg2 {[%emt 0:00:11]} a4 {[%emt 0:00:07]} 35. Nd3 {[%emt 0:01:50]} a3 {[%emt 0:00:19]} 36. Qe5+ {[%emt 0:01:43]} Qxe5 {[%emt 0:02:32]} 37. Nxe5 {[%emt 0:00:12]} h5 {[%emt 0:00:03]} 38. Kg3 {[%emt 0:00:19]} Kf6 {[%emt 0:00:08]} 39. Kf4 {[%emt 0:01:42]} hxg4 {[%emt 0:00:20]} 40. hxg4 {[%emt 0:00:13]} Ke6 {[%emt 0:00:15]} 41. Bd5+ {[%emt 0:00:22]} Ke7 {[%emt 0:00:16]} 42. Nxf7 {[%emt 0:00:09]} Kf8 43. Kf5 {[%emt 0:00:12]} Kg7 {[%emt 0:00:28]} 44. g5 {[%emt 0:00:08]} Kf8 {[%emt 0:00:00]} 45. Kf6 {[%emt 0:00:23]} Ke8 {[%emt 0:00:00]} 46. Ne5 {[%emt 0:00:27]} Kd8 {[%emt 0:00:13]} 47. Bf7 {[%emt 0:00:07]} 1-0

[Event "V Copa Marcel Duchamp 2022"]
[Site "Montevideo"]
[Date "2022.02.19"]
[Round "9.1"]
[White "Delgado Ramirez, Neuris"]
[Black "Perez Ponsa, Federico"]
[Result "1/2-1/2"]
[WhiteElo "2615"]
[BlackElo "2553"]
[Annotator "TA"]
[PlyCount "25"]
[EventDate "2022.02.12"]
[EventCountry "URU"]
[SourceTitle "playchess.com"]
[Source "ChessBase"]
[SourceQuality "1"]

{[%evp 23,25,0,16,0]} 1. e4 e5 2. Nf3 Nc6 3. Bb5 Nf6 4. O-O Nxe4 5. d4 {[%cal Bd2d4,Bd4e5][%mdl 32]} Nd6 6. dxe5 Nxb5 7. a4 Nbd4 8. Nxd4 Nxd4 9. Qxd4 d5 10. exd6 Qxd6 11. Qe4+ Qe6 12. Qd4 Qd6 {[#]} 13. Qe4+ $146 {Not much happened in this game. C67: Ruy Lopez: Berlin Defence: 4 0-0 Nxe4.} ({Predecessor:} 13. Qe3+ Be6 14. Nc3 Qc6 15. Nb5 Bc5 16. Qc3 O-O 17. Bf4 Rfc8 18. Nd4 Bxd4 19. Qxd4 Rd8 20. Qb4 a5 {½-½ (32) Wei,Y (2732)-Grischuk,A (2777) Chess.com INT 2020}) 1/2-1/2

[Event "V Copa Marcel Duchamp 2022"]
[Site "Montevideo"]
[Date "2022.02.19"]
[Round "9.2"]
[White "Hungaski, Robert"]
[Black "Ricardi, Pablo"]
[Result "*"]
[WhiteElo "2537"]
[BlackElo "2464"]
[Annotator "TA"]
[PlyCount "31"]
[EventDate "2022.02.12"]
[EventCountry "URU"]
[SourceTitle "playchess.com"]
[Source "ChessBase"]
[SourceQuality "1"]

{[%evp 14,31,0,0,-12,-8,-1,0,0,0,0,0,75,87,75,60,72,33,158,-4]} 1. d4 Nf6 2. c4 e6 3. Nc3 Bb4 4. a3 Bxc3+ 5. bxc3 b6 6. f3 Ba6 7. e4 Nc6 8. Bg5 h6 {E24: Nimzo-Indian: Sämisch: Unusual Black 5th moves and 5...c5 sidelines.} 9. Bh4 Na5 10. e5 g5 {The position is equal.} 11. Bf2 Nh5 12. h4 Bxc4 (12... f5 $11) 13. hxg5 $16 {[%mdl 64] [#] Discovered Attack} Qxg5 14. Nh3 {[#]} Qg6 $146 ({Predecessor:} 14... Qe7 15. g4 Bxf1 16. Kxf1 Ng7 17. Nf4 h5 18. Ke2 Qg5 19. Qc1 Nb3 20. Qe3 Nxa1 {0-1 (30) Yakovich,Y (2560)-Minasian,A (2510) Moscow 1991}) 15. g4 {[%mdl 1024] Strongly threatening Bxc4. White has strong compensation.} Ng7 (15... Bxf1 $14 16. Kxf1 Ng7) 16. Bh4 $2 {Weighted Error Value: White=0.00 (flawless) /Black=0.41} (16. Nf4 $16 Qg5 17. Ng2) *

[Event "V Copa Marcel Duchamp 2022"]
[Site "Montevideo"]
[Date "2022.02.19"]
[Round "9.3"]
[White "Diaz Hollemaert, Nahuel"]
[Black "Tristan, Leonardo"]
[Result "0-1"]
[WhiteElo "2439"]
[BlackElo "2561"]
[Annotator "TA"]
[PlyCount "108"]
[EventDate "2022.02.12"]
[EventCountry "URU"]
[SourceTitle "playchess.com"]
[Source "ChessBase"]
[SourceQuality "1"]

{[%evp 14,108,0,0,0,16,0,0,0,0,0,0,-9,-4,-4,0,0,0,0,0,0,0,0,0,0,0,0,0,0,0,-3,-12,-2,-3,0,-60,0,-7,0,0,0,0,0,0,0,-37,0,0,0,-56,-25,-31,-24,-24,0,0,0,0,0,-8,-6,-6,0,-56,-56,-55,-13,-13,0,0,0,0,0,0,-6,-7,-6,-5,-8,-8,0,-8,-8,-8,-8,-8,-8,-8,-8,-29975,-29976,-29975,-1787,-29981,-29982,-29982,-29981]} 1. c4 {ChessBase II} e6 2. Nf3 d5 3. b3 Nf6 4. Bb2 c5 5. e3 Nc6 6. cxd5 exd5 7. Bb5 Bd6 8. O-O O-O {A13: English Opening: 1...e6.} 9. d4 cxd4 10. Nxd4 Bc7 {The position is equal.} 11. Nd2 Nxd4 12. Bxd4 Qd6 {[%csl Gc7][%cal Rd6h2]} 13. g3 Bh3 14. Re1 {[#]} Rfc8 $146 ({Predecessor:} 14... Rac8 15. Bf1 Bg4 16. Be2 Bf5 17. Bb2 Qe7 18. a3 Bb6 19. Ra2 Ne4 20. Nxe4 dxe4 {½-½ (55) Eljanov,P (2755)-Wei,Y (2706) Wijk aan Zee 2017 CBM 177 [ChessBase II]}) 15. Bd3 Ba5 16. a3 Bc3 17. Bxc3 $1 Rxc3 18. Nf3 {[%cal Bd2f3,Bf3d4,Bd4f5][%mdl 32]} Rac8 19. Nd4 a6 {To avoid Nb5} 20. Bf5 Bxf5 21. Nxf5 Qe5 22. Nd4 h5 23. Ra2 Qe4 24. h3 (24. h4 $11) 24... g5 (24... h4 $15 25. gxh4 Qxh4) 25. Qb1 g4 26. Qxe4 dxe4 27. Kg2 Nd7 28. hxg4 hxg4 29. Rh1 Ne5 30. Raa1 Nf3 31. Rad1 ({Better is} 31. Nf5 $11 R8c5 32. Nd6 Rxb3 33. Nxe4) 31... Rd8 32. Rh5 Nxd4 33. exd4 $15 {[%mdl 4096] Endgame KRR-KRR} Rd3 34. Rc1 R8xd4 35. Rc8+ Kg7 {Hoping for ...e3.} 36. Rg5+ Kf6 37. Rxg4 Rxb3 38. Rc7 (38. Rf4+ $11 Ke7 39. Rc7+ Rd7 40. Rxe4+ Kd8 41. Rxd7+ Kxd7 42. Rf4) 38... Ke6 ({But not} 38... Rxa3 39. Rf4+ Kg6 40. Rcxf7 $11) 39. Rf4 f6 ({Don't play} 39... Rxa3 40. Rfxf7 b6 41. Rfe7+ Kf6 42. Rf7+ Ke6 43. Rfe7+ Kd5 44. Red7+ Ke5 45. Re7+ Kf6 46. Rf7+ Ke6 $11) (39... f5 $15 {was preferrable.}) 40. Rh7 b5 {[%cal Ob3f3]} 41. Rh6 Rxa3 42. Rfxf6+ Kd5 43. Rc6 Rc4 44. Rhd6+ Ke5 45. Rxa6 Rxa6 46. Rxa6 $11 {KR-KR} Rc2 47. Rb6 Rb2 {White must now prevent ...e3.} 48. Kh3 b4 (48... Rxf2 49. Rxb5+ Kd4 50. Rb4+ Ke3 51. Rb3+ Kd4 52. Rb4+ Ke3 53. g4) 49. g4 Rxf2 50. g5 e3 {( -> ...e2)} 51. Kg3 $2 {[%mdl 8192] [#] This costs White the game.} (51. Rb5+ $11 Ke4 52. Rxb4+ Kf3 53. Rb6) 51... Rf1 $1 52. Rb8 Kd5 (52... Kd6 $142 53. Rd8+ Kc7 54. Re8 b3 55. Kg2 {[#]} b2 $1 {[%mdl 512]} 56. Kxf1 b1=Q+ 57. Kg2 Qc2+ 58. Kh3 Qf5+ 59. Kh4 Qf4+ 60. Kh3 Qxg5 61. Ra8 Qe5 62. Ra7+ Kb8 63. Ra4 e2 64. Rb4+ Kc8 65. Rc4+ Kd7 66. Rc1 Qe3+ 67. Kh2 Qxc1 68. Kg3 e1=Q+ 69. Kg4 Qe4+ 70. Kh3 Qh6+ 71. Kg3 Qhh4#) 53. Rb5+ Kc4 54. Re5 b3 {Weighted Error Value: White=0.35/Black=0.23 (precise)} 0-1

[Event "V Copa Marcel Duchamp 2022"]
[Site "Montevideo"]
[Date "2022.02.19"]
[Round "9.4"]
[White "Labollita, Martin"]
[Black "Morovic Fernandez, Ivan"]
[Result "1/2-1/2"]
[WhiteElo "2388"]
[BlackElo "2498"]
[Annotator "ChessBase"]
[PlyCount "67"]
[EventDate "2022.02.12"]
[EventCountry "URU"]
[SourceTitle "playchess.com"]
[Source "ChessBase"]
[SourceQuality "1"]
[TimeControl "5400+30"]

1. d4 {[%emt 0:00:48]} d5 {[%emt 0:01:03]} 2. Bf4 {[%emt 0:00:08]} Nf6 {[%emt 0:00:23]} 3. e3 {[%emt 0:00:11]} e6 {[%emt 0:02:52]} 4. Nd2 {[%emt 0:01:03]} Bd6 {[%emt 0:01:12]} 5. Bg3 {[%emt 0:00:17]} O-O {[%emt 0:00:26]} 6. Ngf3 {[%emt 0:01:00]} c5 {[%emt 0:01:16]} 7. c3 {[%emt 0:00:25]} Qc7 {[%emt 0:01:23]} 8. c4 {[%emt 0:02:32]} cxd4 {[%emt 0:11:51]} 9. Nxd4 {[%emt 0:02:27]} Bxg3 {[%emt 0:01:08]} 10. hxg3 {[%emt 0:00:27]} Nc6 {[%emt 0:00:56]} 11. Nxc6 {[%emt 0:05:48]} Qxc6 {[%emt 0:01:45]} 12. Be2 {[%emt 0:20:59]} Rd8 {[%emt 0:04:04]} 13. cxd5 {[%emt 0:08:36]} Qxd5 {[%emt 0:12:03]} 14. Nc4 {[%emt 0:00:25]} Bd7 {[%emt 0:09:36]} 15. Qxd5 {[%emt 0:04:40]} exd5 {[%emt 0:02:17]} 16. Ne5 {[%emt 0:13:48]} d4 {[%emt 0:07:11]} 17. exd4 {[%emt 0:06:25]} Be6 {[%emt 0:01:42]} 18. O-O {[%emt 0:02:10]} Rxd4 {[%emt 0:00:23]} 19. Bf3 {[%emt 0:00:14]} Rd2 {[%emt 0:04:21]} 20. b3 {[%emt 0:01:38]} Bd5 {[%emt 0:14:20]} 21. Rfd1 {[%emt 0:02:17]} Rxd1+ {[%emt 0:00:09]} 22. Rxd1 {[%emt 0:00:01]} Bxf3 {[%emt 0:01:35]} 23. gxf3 {[%emt 0:00:03]} Rc8 {[%emt 0:02:13]} 24. Ng4 {[%emt 0:02:11]} Kf8 {[%emt 0:13:40]} 25. Nxf6 {[%emt 0:02:32]} gxf6 {[%emt 0:00:03]} 26. Rd7 {[%emt 0:00:04]} Rc2 {[%emt 0:00:39]} 27. a4 {[%emt 0:03:47]} b6 {[%emt 0:00:15]} 28. Rxa7 {[%emt 0:01:24]} Rb2 {[%emt 0:00:33]} 29. Rb7 {[%emt 0:01:16]} Rxb3 {[%emt 0:00:04]} 30. a5 {[%emt 0:00:34]} b5 {[%emt 0:00:44]} 31. a6 {[%emt 0:05:38]} Kg7 {[%emt 0:01:06]} 32. a7 {[%emt 0:00:39]} Ra3 {[%emt 0:00:04]} 33. Kf1 {[%emt 0:00:23]} Ra2 {[%emt 0:01:00]} 34. Ke1 {[%emt 0:03:54]} 1/2-1/2

[Event "V Copa Marcel Duchamp 2022"]
[Site "Montevideo"]
[Date "2022.02.19"]
[Round "9.5"]
[White "Santiago, Yago De Moura"]
[Black "Roselli Mailhe, Bernardo"]
[Result "1-0"]
[WhiteElo "2494"]
[BlackElo "2426"]
[Annotator "ChessBase"]
[PlyCount "121"]
[EventDate "2022.02.12"]
[EventCountry "URU"]
[SourceTitle "playchess.com"]
[Source "ChessBase"]
[SourceQuality "1"]
[TimeControl "5400+30"]

1. d4 {[%emt 0:00:53]} Nf6 {[%emt 0:01:15]} 2. c4 {[%emt 0:00:11]} e6 {[%emt 0:00:05]} 3. Nc3 {[%emt 0:00:26]} d5 {[%emt 0:00:06]} 4. Nf3 {[%emt 0:01:35]} Bb4 {[%emt 0:00:29]} 5. Qa4+ {[%emt 0:01:22]} Nc6 {[%emt 0:00:08]} 6. a3 {[%emt 0:00:04]} Bxc3+ {[%emt 0:02:19]} 7. bxc3 {[%emt 0:00:08]} Ne4 {[%emt 0:01:54]} 8. Qc2 {[%emt 0:00:50]} Na5 {[%emt 0:05:02]} 9. e3 {[%emt 0:04:40]} O-O {[%emt 0:06:38]} 10. Bd3 {[%emt 0:10:25]} b6 {[%emt 0:09:11]} 11. cxd5 {[%emt 0:06:09]} exd5 {[%emt 0:00:12]} 12. O-O {[%emt 0:00:08]} Re8 {[%emt 0:13:09]} 13. Nd2 {[%emt 0:16:36]} Nf6 {[%emt 0:08:14]} 14. e4 {[%emt 0:03:08]} dxe4 {[%emt 0:00:27]} 15. Nxe4 {[%emt 0:00:10]} h6 {[%emt 0:00:04]} 16. Nxf6+ {[%emt 0:31:59]} Qxf6 {[%emt 0:00:06]} 17. Bb2 {[%emt 0:00:05]} c5 {[%emt 0:17:48]} 18. dxc5 {[%emt 0:01:56]} Bb7 {[%emt 0:07:54]} 19. cxb6 {[%emt 0:01:09]} Qc6 {[%emt 0:01:24]} 20. f3 {[%emt 0:00:30]} Nc4 {[%emt 0:02:14]} 21. Bc1 {[%emt 0:00:24]} axb6 {[%emt 0:01:22]} 22. Kh1 {[%emt 0:02:32]} Qc5 {[%emt 0:01:30]} 23. a4 {[%emt 0:07:25]} b5 {[%emt 0:03:24]} 24. Bf4 {[%emt 0:01:56]} g5 {[%emt 0:00:22]} 25. Bc1 {[%emt 0:02:12]} Bc6 {[%emt 0:06:16]} 26. a5 {[%emt 0:00:26]} Rxa5 {[%emt 0:01:01]} 27. Rxa5 {[%emt 0:00:11]} Nxa5 {[%emt 0:00:06]} 28. Bh7+ {[%emt 0:01:19]} Kg7 {[%emt 0:01:13]} 29. c4 {[%emt 0:01:03]} Qxc4 {[%emt 0:02:02]} 30. Bb2+ {[%emt 0:00:15]} Kf8 {[%emt 0:00:30]} 31. Qd1 {[%emt 0:00:36]} Qd5 {[%emt 0:02:04]} 32. Qa1 {[%emt 0:00:12]} Nc4 {[%emt 0:01:47]} 33. Bg7+ {[%emt 0:00:40]} Ke7 {[%emt 0:00:00]} 34. Be4 {[%emt 0:02:34]} Qe6 {[%emt 0:02:05]} 35. Re1 {[%emt 0:00:59]} Kd8 {[%emt 0:00:58]} 36. Bf6+ {[%emt 0:01:39]} Kc8 {[%emt 0:01:23]} 37. Qa6+ {[%emt 0:00:07]} Kc7 {[%emt 0:01:32]} 38. Qa7+ {[%emt 0:01:03]} Kc8 {[%emt 0:00:08]} 39. Qa6+ {[%emt 0:01:20]} Kc7 {[%emt 0:00:05]} 40. Qa7+ {[%emt 0:00:03]} Kc8 {[%emt 0:00:03]} 41. Bd4 {[%emt 0:00:41]} Bxe4 {[%emt 0:00:21]} 42. fxe4 {[%emt 0:00:16]} Qc6 {[%emt 0:01:31]} 43. Qxf7 {[%emt 0:00:28]} Nd6 {[%emt 0:01:08]} 44. Qf6 {[%emt 0:00:30]} Kb7 {[%emt 0:00:09]} 45. e5 {[%emt 0:00:18]} Nc8 {[%emt 0:00:33]} 46. e6 {[%emt 0:00:22]} Qd5 {[%emt 0:00:35]} 47. Bg1 {[%emt 0:01:04]} h5 {[%emt 0:00:11]} 48. Qf7+ {[%emt 0:00:38]} Re7 {[%emt 0:00:06]} 49. Qxh5 {[%emt 0:00:14]} Nd6 50. Qe2 {[%emt 0:00:56]} Nc4 {[%emt 0:01:23]} 51. Qf2 {[%emt 0:00:16]} Kc6 {[%emt 0:00:37]} 52. Qf8 {[%emt 0:00:33]} Qd6 {[%emt 0:02:32]} 53. Qa8+ {[%emt 0:00:39]} Kc7 {[%emt 0:00:02]} 54. Qa7+ {[%emt 0:00:30]} Kc8 {[%emt 0:00:21]} 55. Qa8+ {[%emt 0:00:02]} Kc7 {[%emt 0:00:54]} 56. Ra1 {[%emt 0:00:15]} Qb4 {[%emt 0:00:28]} 57. Ra6 {[%emt 0:00:38]} Ne5 {[%emt 0:00:06]} 58. Qa7+ {[%emt 0:00:20]} Kc8 {[%emt 0:00:00]} 59. Qb6 {[%emt 0:00:31]} Qe4 {[%emt 0:00:01]} 60. Qc5+ {[%emt 0:00:18]} Kd8 {[%emt 0:01:17]} 61. Rd6+ {[%emt 0:00:15]} 1-0

[Event "V Copa Marcel Duchamp 2022"]
[Site "Montevideo"]
[Date "2022.02.19"]
[Round "9.6"]
[White "Lopez Azambuja, Nicolas"]
[Black "Lima, Darcy"]
[Result "0-1"]
[WhiteElo "2318"]
[BlackElo "2507"]
[Annotator "TA"]
[PlyCount "70"]
[EventDate "2022.02.12"]
[EventCountry "URU"]
[SourceTitle "playchess.com"]
[Source "ChessBase"]
[SourceQuality "1"]

{[%evp 15,70,16,29,32,37,41,51,47,38,32,28,32,42,16,26,-21,-31,-25,-23,-35,-26,-22,0,0,0,0,0,0,4,15,43,27,40,35,46,43,35,-12,-15,-6,-5,-34,-37,-109,-99,-200,-204,-197,-192,-380,-377,-371,-384,-701,-697,-647,-639]} 1. d4 Nf6 2. c4 e6 3. Nf3 b6 4. g3 Bb7 5. Bg2 g6 6. O-O Bg7 7. Nc3 Ne4 8. Nxe4 Bxe4 9. Bg5 {A50: Queen's Fianchetto Defence (1 d4 Nf6 2 c4 b6).} Qc8 10. Qd2 (10. Ne5 $2 Bxg2 11. Kxg2 f6 12. Bxf6 Bxf6 $19) 10... h6 11. Be3 {White is slightly better.} d6 12. Rac1 Nc6 13. d5 Ne7 14. dxe6 fxe6 15. Nd4 (15. Bd4 {was preferrable.} e5 16. Bc3) 15... Bxg2 $11 16. Kxg2 {[#]} c5 $146 ({Predecessor:} 16... a6 17. b4 c5 18. Nf3 Qc6 19. Kg1 Nf5 20. g4 Ne7 21. Rfd1 Rd8 22. bxc5 bxc5 {0-1 (36) Nezad,H (2366)-Kotsur,P (2557) Dubai 2014}) 17. Nf3 Qc6 18. Rfd1 Rd8 19. b4 Nf5 20. bxc5 bxc5 21. Kg1 g5 22. g4 Ne7 {[%cal Bf5e7,Be7c6,Bc6e5][%mdl 32]} 23. Qd3 O-O 24. Nd2 Qc7 25. Ne4 {[%cal Oe3g5]} Nc6 {[#] ...Ne5 is the strong threat.} 26. Ng3 ({Reject} 26. Nxd6 Nd4 27. Ne4 {[#]} (27. Bxd4 $2 Rxd6 28. Qg6 cxd4 $19) 27... Nf3+ $1 28. exf3 Rxd3 29. Rxd3 Rxf3 $17) (26. f3 $14) 26... Ne5 {[%csl LRd3,LRg4]} 27. Qe4 Qf7 $1 $36 {[%mdl 2048] Black is more active.} 28. Rf1 d5 29. cxd5 (29. Qg2 $1 $15) 29... exd5 $17 30. Qf5 (30. Qg2 $17 d4 31. f4 Nxg4 32. Bd2) 30... Qe8 $19 31. Qc2 d4 ({Stronger than} 31... Nxg4 32. Bxc5 Rf7 33. f3 $11) 32. Bd2 (32. f4 {was called for.} Nxg4 33. Bd2) 32... d3 33. exd3 Qc6 {And now ...Nf3+ would win.} 34. f4 $2 (34. Qxc5 Nf3+ 35. Kh1 Qxc5 36. Rxc5 Nxd2 37. Rg1) 34... Nf3+ 35. Rxf3 Qxf3 {Weighted Error Value: White=0.30/Black=0.03 (flawless)} 0-1

[Event "V Copa Marcel Duchamp 2022"]
[Site "Montevideo"]
[Date "2022.02.19"]
[Round "9.7"]
[White "Perdomo, Leandro"]
[Black "Coppola, Claudio"]
[Result "1/2-1/2"]
[WhiteElo "2447"]
[BlackElo "2285"]
[Annotator "ChessBase"]
[PlyCount "73"]
[EventDate "2022.02.12"]
[EventCountry "URU"]
[SourceTitle "playchess.com"]
[Source "ChessBase"]
[SourceQuality "1"]
[TimeControl "5400+30"]

1. d4 {[%emt 0:00:02]} Nf6 {[%emt 0:17:36]} 2. c4 {[%emt 0:00:03]} c5 {[%emt 0:00:04]} 3. d5 {[%emt 0:00:04]} b5 {[%emt 0:00:02]} 4. cxb5 {[%emt 0:00:20]} a6 {[%emt 0:00:02]} 5. bxa6 {[%emt 0:00:06]} g6 {[%emt 0:00:04]} 6. Nc3 {[%emt 0:00:19]} Bg7 {[%emt 0:00:05]} 7. e4 {[%emt 0:01:00]} O-O {[%emt 0:00:05]} 8. Nf3 {[%emt 0:00:49]} Qa5 {[%emt 0:00:03]} 9. Bd2 {[%emt 0:00:10]} Bxa6 {[%emt 0:00:09]} 10. Be2 {[%emt 0:00:42]} Bxe2 {[%emt 0:00:11]} 11. Qxe2 {[%emt 0:00:05]} Qa6 {[%emt 0:00:02]} 12. a4 {[%emt 0:16:52]} Qxe2+ {[%emt 0:04:02]} 13. Kxe2 {[%emt 0:00:02]} Na6 {[%emt 0:00:45]} 14. Bg5 {[%emt 0:29:01]} Rfb8 {[%emt 0:02:53]} 15. Rab1 {[%emt 0:00:06]} Rb4 {[%emt 0:09:42]} 16. Nd2 {[%emt 0:01:12]} h6 {[%emt 0:00:17]} 17. Bxf6 {[%emt 0:13:27]} Bxf6 {[%emt 0:00:29]} 18. Rhc1 {[%emt 0:00:02]} Rab8 {[%emt 0:00:32]} 19. b3 {[%emt 0:02:10]} Bg5 {[%emt 0:00:39]} 20. f3 {[%emt 0:03:38]} f5 {[%emt 0:04:28]} 21. exf5 {[%emt 0:03:24]} gxf5 {[%emt 0:00:23]} 22. Nb5 {[%emt 0:00:03]} Rh4 {[%emt 0:08:38]} 23. h3 {[%emt 0:02:16]} d6 {[%emt 0:00:51]} 24. Rd1 {[%emt 0:04:07]} Nb4 {[%emt 0:00:01]} 25. Nc4 {[%emt 0:00:12]} Kf7 {[%emt 0:02:35]} 26. Kf2 {[%emt 0:04:16]} Bf6 {[%emt 0:02:23]} 27. Na5 {[%emt 0:11:21]} Rb6 {[%emt 0:05:18]} 28. Rbc1 {[%emt 0:01:43]} Ra6 {[%emt 0:03:15]} 29. Nc4 {[%emt 0:00:17]} f4 {[%emt 0:01:08]} 30. Rd2 {[%emt 0:01:27]} Rh5 {[%emt 0:02:41]} 31. Rcd1 {[%emt 0:00:01]} Rg5 {[%emt 0:03:08]} 32. Kf1 {[%emt 0:00:26]} Rf5 {[%emt 0:01:45]} 33. Nca3 {[%emt 0:02:12]} Re5 {[%emt 0:00:50]} 34. Nc4 {[%emt 0:00:32]} Rf5 {[%emt 0:01:01]} 35. Nca3 {[%emt 0:01:55]} Re5 {[%emt 0:00:12]} 36. Nc7 {[%emt 0:02:37]} Ra7 {[%emt 0:00:52]} 37. Ncb5 {[%emt 0:00:24]} 1/2-1/2

[Event "V Copa Marcel Duchamp 2022"]
[Site "Montevideo"]
[Date "2022.02.19"]
[Round "9.8"]
[White "Valerga, Diego"]
[Black "Spata, German"]
[Result "1/2-1/2"]
[WhiteElo "2431"]
[BlackElo "2300"]
[Annotator "ChessBase"]
[PlyCount "37"]
[EventDate "2022.02.12"]
[EventCountry "URU"]
[SourceTitle "playchess.com"]
[Source "ChessBase"]
[SourceQuality "1"]
[TimeControl "5400+30"]

1. d4 d5 {[%emt 0:01:01]} 2. c4 {[%emt 0:00:20]} c6 {[%emt 0:00:34]} 3. Nf3 {[%emt 0:00:09]} Nf6 {[%emt 0:00:06]} 4. Nc3 {[%emt 0:00:22]} e6 {[%emt 0:02:16]} 5. Bg5 {[%emt 0:01:46]} Nbd7 {[%emt 0:01:29]} 6. e3 {[%emt 0:01:37]} Qa5 {[%emt 0:01:06]} 7. cxd5 {[%emt 0:00:29]} Nxd5 {[%emt 0:00:07]} 8. Rc1 {[%emt 0:01:54]} Nxc3 {[%emt 0:00:06]} 9. bxc3 {[%emt 0:00:05]} Ba3 {[%emt 0:00:06]} 10. Rc2 {[%emt 0:00:06]} b6 {[%emt 0:00:03]} 11. Be2 {[%emt 0:00:31]} Ba6 {[%emt 0:00:04]} 12. O-O {[%emt 0:00:09]} Bxe2 {[%emt 0:00:07]} 13. Rxe2 {[%emt 0:01:25]} O-O {[%emt 0:00:19]} 14. e4 {[%emt 0:00:39]} Rfe8 {[%emt 0:00:17]} 15. Re3 {[%emt 0:09:27]} Bf8 {[%emt 0:00:20]} 16. Qb1 {[%emt 0:01:21]} c5 {[%emt 0:03:06]} 17. Rd1 {[%emt 0:03:04]} cxd4 {[%emt 0:00:22]} 18. cxd4 {[%emt 0:00:08]} Rac8 {[%emt 0:05:19]} 19. h3 {[%emt 0:05:57]} 1/2-1/2

[Event "V Copa Marcel Duchamp 2022"]
[Site "Montevideo"]
[Date "2022.02.19"]
[Round "9.9"]
[White "Carbone, Diego"]
[Black "Hoffman, Alejandro"]
[Result "1/2-1/2"]
[WhiteElo "2272"]
[BlackElo "2403"]
[Annotator "ChessBase"]
[PlyCount "25"]
[EventDate "2022.02.12"]
[EventCountry "URU"]
[SourceTitle "playchess.com"]
[Source "ChessBase"]
[SourceQuality "1"]
[TimeControl "5400+30"]

1. d4 {[%emt 0:02:23]} Nf6 {[%emt 0:00:06]} 2. c4 {[%emt 0:00:56]} e6 {[%emt 0:00:08]} 3. g3 {[%emt 0:00:42]} d5 {[%emt 0:00:12]} 4. Nf3 {[%emt 0:00:22]} Be7 {[%emt 0:00:08]} 5. Bg2 {[%emt 0:00:09]} O-O {[%emt 0:00:09]} 6. O-O {[%emt 0:00:17]} c6 {[%emt 0:00:07]} 7. Qc2 {[%emt 0:01:06]} b6 {[%emt 0:00:29]} 8. Nbd2 {[%emt 0:01:06]} Bb7 {[%emt 0:00:31]} 9. e4 {[%emt 0:01:02]} Na6 {[%emt 0:00:55]} 10. a3 {[%emt 0:11:40]} c5 {[%emt 0:01:43]} 11. exd5 {[%emt 0:08:14]} exd5 {[%emt 0:00:21]} 12. dxc5 {[%emt 0:00:38]} Nxc5 {[%emt 0:01:41]} 13. b4 {[%emt 0:01:11]} 1/2-1/2